LEADER 01167nam a2200241 i 4500 001 000000156851 003 CaOOAMICUS 005 20061214000000.0 008 061214s1994 it u000 u ita u 013 $a134206 040 $aSeMil$bita 100 1 $aRoth, Henry.$0(OLS)http://semarc/name/61280 240 10$aMercy of a Rude Strea : A Star shines over Mt. Morris Parl.$0(OLS)http://semarc/title/229979 245 10$aAlla mercé di una brutale corrente. Una stella sulla collina del parco di Monte Morris /$cHenry Roth ; A cura di Stefano Tani ; [Traduzione di Stefano Tani e Mario Materassi ]. 260 $aMilano :$bGarzanti,$c1994. 300 $a325 p. :$btabelle ;$c22 cm. 700 1 $aMaterassi, Mario.$0(OLS)http://semarc/name/37250 700 1 $aTani, Stefano.$0(OLS)http://semarc/name/61281 850 $aSeMil 852 $aSeMil$W1$xVenegono$y1$m1U IV 34$j108599$B108599$CSeMilBibl$Z2$F118577 $81 961 $aOmaggio: Martinelli don Romano 996 $6245$aAlla mercé di una brutale corrente. Una stella sulla collina del parco di Monte Morris$9(OLS)http://semarc/title/229978 996 $6260$aMilano :$bGarzanti$9(OLS)http://semarc/publisher/29852 LEADER 02482nam a2200349 4500 001 000000339098 003 CaOOAMICUS 005 20240731135004.0 008 200130s17311791it a 000 u lat r 040 $aSeMil$bita 110 21$aAccademia delle scienze dell'Istituto di Bologna.$0(OLS)http://semarc/name/110846 245 00$aDe Bononiensi Scientiarum et Artium Instituto atque Academia commentarii. 264 1$aBononiae :$bEx typographia Laelii a Vulpe, apud Metropolitanam,$c1731-1791. 300 $a7 v. (in 10 tomi) :$bill. ;$c4° 500 $aL'indicazione di pubblicazione varia nell'ultimo v.: Ex typographia Instituti Scientiarum 500 $aIl v. 1 viene nuovamente stampato nel 1748. Vedi: G. Canterzani, Catalogo ragionato dei libri a stampa pubblicati in Bologna dai tipografi Lelio e Petronio dalla Volpe, Bologna, 1979, p. 48 500 $aSui front. vignetta calcogr. (Veduta dell'Istituto delle Scienze) incisa da Giovanni Lodovico Quadri; riprodotta in A. Sorbelli, Storia delle stampa in Bologna, p. 173 500 $aA cura di Francesco Maria Zanotti, il cui nome si ricava dalla prefazione del v. 1 500 $aNon posseduti i vol. 5/2, 6 e 7 700 1 $aZanotti, Francesco Maria,$d<1692-1777>.$0(OLS)http://semarc/name/74880 700 1 $aQuadri, Giovanni Maria,$d<1700-1748>,$eincisore.$0(OLS)http://semarc/name/110847 700 1 $aDalla Volpe, Lelio,$c.$0(OLS)http://semarc/name/11551 774 0 $t[Tomus 1].$dBononiae : Ex typographia Laelii a Vulpe, apud Metropolitanam, 1731.$w()339099 774 0 $tTomus 2. Pars 1.$dBononiae : Ex typographia Laelii a Vulpe, apud Metropolitanam, 1745.$w()339100 774 0 $tTomus 2. Pars altera.$dBononiae : Ex typographia Laelii a Vulpe, apud Metropolitanam, 1746.$w()339101 774 0 $tTomus 2. Pars 3.$dBononiae : Ex typographia Laelii a Vulpe, apud Metropolitanam, 1747.$w()339102 774 0 $tTomus 3.$dBononiae : Ex typographia Laelii a Vulpe, apud Metropolitanam, 1755.$w()339103 774 0 $tTomus 4.$dBononiae : Ex typographia Laelii a Vulpe, apud Metropolitanam, 1757.$w()339104 774 0 $tTomus 5. Pars 1.$dBononiae : Ex typographia Laelii a Vulpe, apud Metropolitanam, 1767.$w()339105 996 $6245$aDe Bononiensi Scientiarum et Artium Instituto atque Academia commentarii$9(OLS)http://semarc/title/427920 996 $6264$aBononiae :$bEx typographia Laelii a Vulpe, apud Metropolitanam$9(OLS)http://semarc/publisher/58812 LEADER 01131nam a2200277 4500 001 000000361894 003 CaOOAMICUS 005 20250311115335.0 008 250228s2019 it 000 u ita r 020 $a978-88-459-3346-2 040 $aSeMil$bita 100 1 $aSeverino, Emanuele,$d<1929-2020>.$0(OLS)http://semarc/name/6834 245 10$aTestimoniando il destino /$cEmanuele Severino. 264 1$aMilano :$bAdelphi,$c2019. 300 $a376 p. ;$c23 cm 490 1 $aBiblioteca filosofica ;$v39 650 4$aDestino - Concezione.$0(OLS)http://semarc/subject/57286 650 4$aVerità - Filosofia.$0(OLS)http://semarc/subject/3000 830 0$aBiblioteca filosofica ;$v39.$0(OLS)http://semarc/title/6048 850 $aSeMil 852 $aSeMil$W1$xVenegono$y1$m2P VI 159$j255113$B252837$CSeMilBibl$Z2$F252837 $81 961 $aBuzzi mons. Franco - Omaggio 996 $6020$a978-88-459-3346-2$9(OLS)http://semarc/number/302594 996 $6245$aTestimoniando il destino$9(OLS)http://semarc/title/452731 996 $6264$aMilano :$bAdelphi$9(OLS)http://semarc/publisher/30018 LEADER 01310nam a2200277 i 4500 001 000000234415 003 CaOOAMICUS 005 20141014000000.0 008 141014s1949 it u000 u ita u 013 $a213318 040 $aSeMil$bita 100 1 $aGurvitch, Georges,$d<1894-1965>.$0(OLS)http://semarc/name/9422 240 13$aLa déclaration des droits sociaux.$0(OLS)http://semarc/title/334547 245 13$aLa Dichiarazione dei Diritti Sociali /$cGeorges Gurvitch ; Prefazione di Norberto Bobbio ; Traduzione di Luciano Foà. 260 $aMilano :$bEdizioni di Comunità,$cstampa 1949. 300 $a205 p. ;$c23 cm. 500 $aContiene : Appendici. 650 4$aDiritti politici e civili - Teorie.$0(OLS)http://semarc/subject/41763 650 4$aDiritto sociale.$0(OLS)http://semarc/subject/41764 650 4$aDiritti dell'uomo - Teorie.$0(OLS)http://semarc/subject/41765 700 1 $aFoà, Luciano.$0(OLS)http://semarc/name/26633 700 1 $aBobbio, Norberto,$d<1909-2004>.$0(OLS)http://semarc/name/1206 850 $aSeMil 852 $aSeMil$W1$xVenegono$y1$m3M IV 112$j184761$B184761$CSeMilBibl$Z2$F195750 $81 996 $6245$aLa Dichiarazione dei Diritti Sociali$9(OLS)http://semarc/title/334546 996 $6260$aMilano :$bEdizioni di Comunità$9(OLS)http://semarc/publisher/31458 LEADER 01195nam a2200265 i 4500 001 000000186623 003 CaOOAMICUS 005 20161129000000.0 008 161129s1992 it u000 u ita u 013 $a164676 020 $a88-01-15543-3 040 $aSeMil$bita 100 1 $aCian, Luciano.$0(OLS)http://semarc/name/43662 245 13$aLa relazione d'aiuto :$belementi teorico-pratici per la formazione a una corretta comunicazione interpersonale /$cLuciano Cian. 260 $aLeumann (TO) :$bElle Di Ci,$c1992. 300 $a222 p. ;$c20 cm. 490 0 $aImmagine dell'uomo 650 4$aRelazione di aiuto.$0(OLS)http://semarc/subject/21973 830 0$aImmagine dell'uomo [Elledici].$0(OLS)http://semarc/title/8318 850 $aSeMil 852 $aSeMil$W1$xVenegono$y1$m2O II 484$j137310$B137310$CSeMilBibl$Z2$F216686 $81 961 $aOmaggio: Gallivanone don Franco 996 $6020$a88-01-15543-3$9(OLS)http://semarc/number/176920 996 $6245$aLa relazione d'aiuto :$belementi teorico-pratici per la formazione a una corretta comunicazione interpersonale$9(OLS)http://semarc/title/268343 996 $6260$aLeumann (TO) :$bElle Di Ci$9(OLS)http://semarc/publisher/29654 LEADER 00946nam a2200253 i 4500 001 000000198477 003 CaOOAMICUS 005 20190626123032.0 008 110303s1956 it u000 u ita u 013 $a177165 040 $aSeMil$bita 100 1 $aGiannini, Achille Donato.$0(OLS)http://semarc/name/71831 245 10$aIstituzioni di diritto tributario /$cA. D. Giannini. 250 $a7. Ed. aggiornata 260 $aMilano :$bGiuffrè,$c1956. 300 $aXII, 526 p. ;$c22 cm. 490 0 $aManuali Giuffrè 650 4$aDiritto tributario.$0(OLS)http://semarc/subject/37260 830 0$aManuali Giuffrè.$0(OLS)http://semarc/title/32896 850 $aSeMil 852 $aSeMil$W1$xVenegono$y1$m3L III 182$j149033$B149033$CSeMilBibl$Z2$F160440 $81 996 $6245$aIstituzioni di diritto tributario$9(OLS)http://semarc/title/286812 996 $6260$aMilano :$bGiuffrè$9(OLS)http://semarc/publisher/29926 LEADER 00906nam a2200205 i 4500 001 000000107042 003 CaOOAMICUS 005 20101028000000.0 008 101028s1994 xx u000 u und u 013 $a79255 040 $aSeMil$bita 245 10$aPeste, calce, barocco salvano i miei affreschi. 260 $aTrezzano sul Naviglio :$bChiesa parrocchiale di S. Ambrogio Vescovo e Dottore,$cstampa 1994. 300 $a265 p. :$bper la maggior parte ill. ;$c31 cm. 650 4$aTrezzano sul Naviglio.$0(OLS)http://semarc/subject/2994 850 $aSeMil 852 $aSeMil$W1$xVenegono$y1$m3P V 392$j63139$B63139$CSeMilBibl$Z2$F155937 $81 961 $aOmaggio: Altro 996 $6245$aPeste, calce, barocco salvano i miei affreschi$9(OLS)http://semarc/title/155208 996 $6260$aTrezzano sul Naviglio :$bChiesa parrocchiale di S. Ambrogio Vescovo e Dottore$9(OLS)http://semarc/publisher/44843